Представление документа в формате RUSMARC

ПолеНазваниеЗначение
  Тип записи a
  Библиографический уровень c
001 Контрольный номер RU/IS/BASE/340454924
005 Дата корректировки 20201206204742.3
010 Индекс ISBN __
d Цена 1000-00
101 Язык документа __
a Язык текста rus
200 Заглавие и сведения об ответственности 1_
a Заглавие Повести
e Сведения, относящиеся к заглавию [сборник]
f Первые сведения об ответственности Виктор Астафьев
b Общее обозначение материала Текст
210 Выходные данные __
a Место издания М.
c Издательство Совет. Россия
d Дата издания 1969
215 Физическое описание __
a Объем 526, [2] с., [1] л. портр.
300 Общие примечания __
a Общие примечания Дар С. А. Лагерева (1 экз.)
a Общие примечания Кн. с экслибрисом С. А. Лагерева из лич. б-ки (1 экз.)
a Общие примечания Ред. кн.
a Общие примечания Кн. с экслибрисом В. М. Малкова
a Общие примечания Кн. с автогр. и дарств. надписью авт.
a Общие примечания Содерж. также 3 отд. л. ксеркоп. с автогр. и дарств. надписями В. П. Астафьева
327 Примечание о содержании __
a Примечание о содержании Стародуб
327 Примечание о содержании __
a Примечание о содержании Перевал
327 Примечание о содержании __
a Примечание о содержании Кража
327 Примечание о содержании __
a Примечание о содержании Где-то гремит война
327 Примечание о содержании __
a Примечание о содержании Звездопад
330 Аннотация __
a Аннотация Произведения В. П. Астафьева отличают глубокое знание жизни, истинная народность и любовь к родине.
606 Тематические рубрики __
a Основная рубрика Художественная литература
606 Тематические рубрики __
a Основная рубрика Русская литература XX в. (произведения)
y Географическая подрубрика СССР
610 Ключевые слова __
a Ключевые слова советская литература; повести; тема народа; тема жизни; тема родины; тема души; тема человека
686 Индексы других классификаций __
a Классификационный индекс 84(2Рос=Рус)6-4
700 Автор _1
a Фамилия Астафьев
b Имя В. П.
g Полное личное имя Виктор Петрович
4 Код отношения 070
702 Вторичная интеллектуальная ответственность _1
a Фамилия Астафьев
b Имя В. П.
4 Код отношения Автор дарственной надписи
702 Вторичная интеллектуальная ответственность _1
a Фамилия Лагерев
b Имя С. А.
4 Код отношения Даритель
801 Источник записи _0
a Страна RU
b Организация Муниципальное бюджетное учреждение культуры "Централизованная библиотечная система" г. Сургут (Центральная городская библиотека им. А. С. Пушкина)
g Правила каталогизации КиК/Поспелова
801 Источник записи _1
a Страна RU
b Организация Муниципальное бюджетное учреждение культуры "Централизованная библиотечная система" г. Сургут (Центральная городская библиотека им. А. С. Пушкина)
g Правила каталогизации КиК/Поспелова
852 Данные о местонахождении __
j Шифр хранения 84(2Рос=Рус)6-4
c Каталожный индекс 84(2Рос=Рус)6-4
i Авторский знак А 91
901 Тип документа __
t Тип документа x
903 Характеристики (МАРС) __
a Дата передачи 20101015
969 Тип издания __
a Тип издания сборник
990 Данные о заказе (DOS) __
j Количество экземпляров (DOS) 1
t N записи в КСУ для И/У (DOS) 201010